ARRUPE JESUIT UNIVERSITY

CORONAVIRUS -STOP THE SPREAD - CLEAN,DISINFECT,COVER

Lombard Street : (Record no. 125889)

MARC details
000 -LEADER
fixed length control field 01123cam a2200301 a 4500
001 - CONTROL NUMBER
control field 4509333
003 - CONTROL NUMBER IDENTIFIER
control field ARRUPE
005 - DATE AND TIME OF LATEST TRANSACTION
control field 20161215080624.0
008 - FIXED-LENGTH DATA ELEMENTS--GENERAL INFORMATION
fixed length control field 981110r19991873nyu 000 0 eng
010 ## - LIBRARY OF CONGRESS CONTROL NUMBER
LC control number 98051463
020 ## - INTERNATIONAL STANDARD BOOK NUMBER
International Standard Book Number 0471344990 (cloth : alk. paper)
020 ## - INTERNATIONAL STANDARD BOOK NUMBER
International Standard Book Number 0471345369 (pbk. : alk. paper)
040 ## - CATALOGING SOURCE
Original cataloging agency DLC
Transcribing agency DLC
Modifying agency DLC
043 ## - GEOGRAPHIC AREA CODE
Geographic area code e-uk---
050 00 - LIBRARY OF CONGRESS CALL NUMBER
Classification number HG3000.L82
Item number B3 1999
082 00 - DEWEY DECIMAL CLASSIFICATION NUMBER
Classification number 332/.09421
Edition number 21
300 ## - PHYSICAL DESCRIPTION
Dimensions 23 cm.
100 1# - MAIN ENTRY--PERSONAL NAME
Personal name Bagehot, Walter,
Dates associated with a name 1826-1877.
9 (RLIN) 11066
245 10 - TITLE STATEMENT
Title Lombard Street :
Remainder of title a description of the money market /
Statement of responsibility, etc Walter Bagehot.
260 ## - PUBLICATION, DISTRIBUTION, ETC. (IMPRINT)
Place of publication, distribution, etc New York :
Name of publisher, distributor, etc J. Wiley,
Date of publication, distribution, etc c1999.
300 ## - PHYSICAL DESCRIPTION
Extent xiv, 359 p. ;
440 #0 - SERIES STATEMENT/ADDED ENTRY--TITLE
Title Wiley investment classics
9 (RLIN) 28005
500 ## - GENERAL NOTE
General note Originally published: New York : Scribner, Armstrong, 1873. With new foreword.
650 #0 - SUBJECT ADDED ENTRY--TOPICAL TERM
Topical term or geographic name as entry element Banks and banking
Geographic subdivision England
-- London.
9 (RLIN) 28006
650 #0 - SUBJECT ADDED ENTRY--TOPICAL TERM
Topical term or geographic name as entry element Banks and banking
Geographic subdivision Great Britain.
9 (RLIN) 28007
906 ## - LOCAL DATA ELEMENT F, LDF (RLIN)
a 7
b cbc
c orignew
d 1
e ocip
f 19
g y-gencatlg
942 ## - ADDED ENTRY ELEMENTS (KOHA)
Source of classification or shelving scheme Library of Congress Classification
Koha item type Monograph ( Printed materials)
Holdings
Withdrawn status Lost status Source of classification or shelving scheme Damaged status Not for loan Collection code Home library Current library Shelving location Date acquired Total Checkouts Full call number Barcode Date last seen Price effective from Koha item type
    Library of Congress Classification     Main Collection ARRUPE LIBRARY ARRUPE LIBRARY Main Collection 13/12/2016   HG3000.L82 B3 1999 46500021133 30/04/2018 13/12/2016 Monograph ( Printed materials)

 

Arrupe Library. PO Box MP320 Mt Pleasant, Harare, Zimbabwe
263 242 745411|librarian@aju.ac.zw